00575nam a2200181Ia 4500008004100000020001500041040001800056041000800074100003700082245010300119260004500222300001800267504003900285650001200324650002300336650001500359650001900374130821s1989 mx gr spa  a9684199546 aCo-BoUCMbspa aspa1 aGarcia-Canclini, Néstord1939-10aCulturas híbridas estrategias para entrar y salir de la modernidadcNéstor García Canclini. aMéxico D.F. (México)bGrijalboc1989 a363 páginas aIncluye bibliografía e índice.04aCultura04aEvolución social04aModernidad04aPostmodernidad